Effectif des Detroit Pistons 2024/2025 - Statistiques

Statistiques générales
  • Ce quiz a été pris 17 fois
  • Le résultat moyen est 8 sur 17
Statistiques - réponses
Nationalité Poste Joueur Date de naissance % Correct
Américain MJ Cade Cunningham 25/09/2001
100%
Américain P Jalen Duren 18/11/2003
93%
Américain MJ/A Jaden Ivey 13/02/2002
86%
Italien AI Simone Fontecchio 09/12/1995
86%
Américain AF/P Isaiah Stewart 22/05/2001
79%
Américain AF Tobias Harris 15/07/1992
79%
Américain AI/AF Ausar Thompson 30/01/2003
71%
Américain A/AI Tim Hardaway Jr 16/03/1992
57%
Américain MJ Marcus Sasser 21/09/2000
50%
Américain A Malik Beasley 26/11/1996
43%
Américain AI Ron Holland 07/07/2005
43%
Américain P Paul Reed 14/06/1999
21%
Suédois AF Bobi Klintman 06/03/2003
14%
Américain MJ Daniss Jenkins 17/08/2001
7%
Américain A/AI Wendell Moore 18/07/2001
7%
Américain AI/AF Lamar Stevens 09/07/1997
0%
Britannique AF Tosan Evbuomwan 16/01/2001
0%
Aucun quiz correspondant
Distribution des résultats
% des personnes avec chaque résultat
Percentile par nombre de réponses
Votre historique - résultats
Vous n’avez pas pris ce quiz